AH International Schools' Libraries

(Khmer) Silence part 4 / (Record no. 49186)

MARC details
000 -LEADER
fixed length control field 00341nam a2200121 4500
020 ## - INTERNATIONAL STANDARD BOOK NUMBER
International Standard Book Number 9789924342205
245 ## - TITLE STATEMENT
Title (Khmer) Silence part 4 /
Statement of responsibility, etc Yoann Vorniere. Translated by Ouch Sodani.
260 ## - PUBLICATION, DISTRIBUTION, ETC. (IMPRINT)
Place of publication, distribution, etc Cambodia:
Name of publisher, distributor, etc Sipar;
Date of publication, distribution, etc 2025.
300 ## - PHYSICAL DESCRIPTION
Extent unpaged.
Other physical details ill.
Dimensions 17 cm.
490 ## - SERIES STATEMENT
Series statement Manga Series
650 ## - SUBJECT ADDED ENTRY--TOPICAL TERM
General subdivision Manga.
9 (RLIN) 86266
942 ## - ADDED ENTRY ELEMENTS (KOHA)
Source of classification or shelving scheme
Koha item type KHMER GRAPHICS
Holdings
Withdrawn status Lost status Source of classification or shelving scheme Damaged status Not for loan Collection code Home library Current library Shelving location Date acquired Total Checkouts Full call number Barcode Date last seen Date checked out Price effective from Koha item type
          SECONDARY Asian Hope Secondary Library Asian Hope Secondary Library SECONDARY 08/08/2025 4 KHMER J GRAPHIX VOR BK.4 208739 01/16/2026 09/09/2025 08/08/2025 KHMER GRAPHICS
          SECONDARY Asian Hope Secondary Library Asian Hope Secondary Library SECONDARY 08/08/2025 5 KHMER J GRAPHIX VOR BK.4 208750 01/16/2026 11/25/2025 08/08/2025 KHMER GRAPHICS

For any Logos Library related questions please contact Miss Art at swongnarasuk@asianhope.org.

For any Asian Hope Library related questions please contact Miss Raza at graza@asianhope.org.

Powered by Koha